capitale commençant par M - Statistiques

Statistiques générales
  • Ce quiz a été pris 155 fois
  • Le résultat moyen est 9 sur 19
Statistiques - réponses
Hint Réponse % Correct
1 Madrid
89%
19 Moscou
66%
12 Mexico
65%
6 Manille
62%
17 Montevideo
60%
3 Malé
59%
7 Maputo
58%
15 Monaco
56%
4 Managua
53%
14 Mogadiscio
52%
16 Monrovia
51%
13 Minsk
50%
5 Manama
45%
8 Mascate
40%
9 Maseru
36%
10 Mbabane
34%
2 Malabo
32%
18 Moroni
30%
11 Melekeok
5%
Aucun quiz correspondant
Distribution des résultats
% des personnes avec chaque résultat
Percentile par nombre de réponses
Votre historique - résultats
Vous n’avez pas pris ce quiz